000 00517ntaaa2200181 4500
003 01
005 20251027201943.0
008 0714s1973 ag 01
040 _aAR-BaBN
_bspa
_cAR-BaBN
_eaacr
_dRIC
082 _a248.0000 G69
100 _aGossner, Juan
_918132
245 _aCorazón del hombre, es un templo de Dios o un taller de Satanás.
250 _a1 ed. :
_bImprenta Metodista,
_c1955
300 _a92 p.
500 _arepresentado alegóricamente de diez figuras
650 _aVida Cristiana
942 _cBK
999 _c14283
_d14283